000 00527nam a2200157 a 4500
001 000028114
005 20200930031348.0
008 110406s1991 dr 000 0 spa d
040 _aDO-SdBNP
_bspa
_cBNPHU
100 1 _aCuevas Caro, Cirilo
_944022
245 1 0 _aSainagua desde los tiempos de los taínos /
_cCirilo Cuevas Caro.
260 _aSanto Domingo :
_bEditora Taller,
_c1991.
300 _a68 p. :
_bil., retrs. ;
_c21 cm.
500 _aIncluye referencias bibliográficas y notas al pie de las páginas
049 _aBNPD
999 _c27606
_d27606